Statistics for NFL But The Trivia Keeps Getting Harder

Click here to take the quiz!

General Stats

  • This quiz has been taken 200 times
  • The average score is 5 of 11

Answer Stats

QuestionPercentageAnswer% Correct
What Position Does Tom Brady Play?99%Quarterback
99%
What Position Is In The NFL, NBA, and NHL?93%Center
84%
Who’s Nickname Was The Bus?83%Jerome Bettis
81%
Who Made The Helmet Catch In Super Bowl XLII?62%David Tyree
64%
What City Did The Cardinals Move From in 1988?75%St.Louis
58%
Who Was The First QB To Win Three MVPS?40%Johnny Unitas
26%
Who shocked the world and had a workout with the New Orleans Saints just before Week 17 in 2019?37%Antonio Brown
19%
What Was The First Name Shared By O’Donnell and Lomax?47%Neil
17%
What Is A Good Score On A NFL IQ Test.10%26
14%
Who Threw The Lateral During The Music City Miracle27%F. Wycheck
11%
What Is The Average Passing Yards Per Game?19%264
7%

Score Distribution

Percentile by Number Answered

Percent of People with Each Score

Your Score History

You have not taken this quiz